Time and eternity / (Record no. 332045)

000 -LEADER
fixed length control field 00968cam a2200277 a 4500
001 - CONTROL NUMBER
control field 4847822
003 - CONTROL NUMBER IDENTIFIER
control field NUST
005 - DATE AND TIME OF LATEST TRANSACTION
control field 20171108120249.0
008 - FIXED-LENGTH DATA ELEMENTS--GENERAL INFORMATION
fixed length control field 910613s1989 ii b 000 0 eng
010 ## - LIBRARY OF CONGRESS CONTROL NUMBER
LC control number 90903772
025 ## - OVERSEAS ACQUISITION NUMBER
Overseas acquisition number I E 62810
040 ## - CATALOGING SOURCE
Original cataloging agency DLC
Transcribing agency DLC
Modifying agency DLC
050 00 - LIBRARY OF CONGRESS CALL NUMBER
Classification number BL65.T55
Item number C66 1989
082 ## - DEWEY DECIMAL CLASSIFICATION NUMBER
Classification number 115
Author Mark COO
100 1# - MAIN ENTRY--PERSONAL NAME
Personal name Coomaraswamy, Ananda K.
Fuller form of name (Ananda Kentish),
Dates associated with a name 1877-1947.
9 (RLIN) 6163
245 10 - TITLE STATEMENT
Title Time and eternity /
Statement of responsibility, etc. Ananda K. Coomaraswamy.
250 ## - EDITION STATEMENT
Edition statement 2nd rev. ed.
260 ## - PUBLICATION, DISTRIBUTION, ETC.
Place of publication, distribution, etc. Bangalore :
Name of publisher, distributor, etc. Select Books,
Date of publication, distribution, etc. 1989.
300 ## - PHYSICAL DESCRIPTION
Extent vi, 99 p. ;
Dimensions 23 cm.
504 ## - BIBLIOGRAPHY, ETC. NOTE
Bibliography, etc. note Includes bibliographical references.
650 #0 - SUBJECT ADDED ENTRY--TOPICAL TERM
Topical term or geographic name entry element Time
General subdivision Religious aspects
-- Comparative studies.
9 (RLIN) 6164
650 #0 - SUBJECT ADDED ENTRY--TOPICAL TERM
Topical term or geographic name entry element Eternity
General subdivision Comparative studies.
9 (RLIN) 6165
906 ## - LOCAL DATA ELEMENT F, LDF (RLIN)
a 7
b cbc
c orignew
d 3
e ncip
f 19
g y-gencatlg
942 ## - ADDED ENTRY ELEMENTS (KOHA)
Source of classification or shelving scheme
Koha item type Book
Holdings
Withdrawn status Lost status Source of classification or shelving scheme Damaged status Not for loan Collection code Permanent Location Current Location Shelving location Date acquired Total Checkouts Total Renewals Full call number Barcode Date last seen Copy number Price effective from Koha item type
            Central Library (CL) Central Library (CL) Book Cart 11/08/2017   1 115 COO CL150 04/22/2024 1 11/08/2017 Book
© 2023 Central Library, National University of Sciences and Technology. All Rights Reserved.